Šijací stroj
Guardado en:
| Autor principal: | |
|---|---|
| Otros Autores: | |
| Formato: | Manuscrito Libro |
| Lenguaje: | eslovaco |
| Publicado: |
Bratislava
2015
|
| Materias: | |
| Acceso en línea: | http://is.stuba.sk/zp/portal_zp.pl?podrobnosti=83212 |
| Etiquetas: |
Sin Etiquetas, Sea el primero en etiquetar este registro!
|
MARC
| LEADER | 00000ntm a22000003a 4500 | ||
|---|---|---|---|
| 001 | stuzp52981 | ||
| 003 | SK-STU | ||
| 005 | 20210302114922.5 | ||
| 007 | ta | ||
| 008 | 150427s2015----xo-----f-mn---000-0-slo-d | ||
| 040 | |a STU |b slo | ||
| 041 | 0 | |a slo | |
| 100 | 1 | |a Šimkovičová, Zarina |u 059190 |4 aut |U FAD Fakulta architektúry |T FA Ústav dizajnu |X 43761 |U A9190 |Y 400 |7 43761 | |
| 242 | 0 | 1 | |a Sewing machine |y eng |
| 245 | 1 | 0 | |a Šijací stroj |
| 260 | |c 2015 |a Bratislava | ||
| 650 | 4 | |a šijací stroj |2 slo | |
| 650 | 4 | |a vyšívanie |2 slo | |
| 650 | 4 | |a bluetooth |2 slo | |
| 650 | 4 | |a bluetooth |2 eng | |
| 650 | 4 | |a sewing machine |2 eng | |
| 650 | 4 | |a embroidery |2 eng | |
| 700 | 1 | |a Humaj, Peter, |d 1952- |4 ths |X 429 |7 A000000429 | |
| 856 | 4 | |u http://is.stuba.sk/zp/portal_zp.pl?podrobnosti=83212 |u https://opac.crzp.sk/?fn=detailBiblioForm&sid=C7DA6C94B65F4BF84C645CFAED0E | |
| SQL | |a stuzp52981 |b DBP |c SLO |d Šijací stroj |e 43761 |f Šimkovičová, Zarina |g 059190 |h 429 |i Humaj, Peter |j 20150611 |k 150 |l 05 |m http://is.stuba.sk/zp/portal_zp.pl?podrobnosti=83212 |n B-DV |o 2.2.6. dizajn | ||